000 00706nas a2200241 4500
001 BR8700955
003 BR-BrBNA
005 20231205090553.0
007 ta
008 230509b bl.|||p| |||| 00| 00por d
040 _aBR-BrBNA
_bpor
_cBiblioteca Nacional de Agricultura
041 _a(Pt)
072 _aF01
100 1 _aMatiello, J.B.
245 1 _aIBC pesquisa cafe/seringueira [cultura intercalar]
650 _aCAFE
650 _aSERINGUEIRA
650 _aPRATICA CULTURAL
650 _aCULTIVO INTERCALADO
773 0 _tRevista do Comercio de Cafe (Brazil)
_xISSN 0034-9224
_g(Jun 1984), v. 64(697) p. 38-39
_wBR8700955
909 _a202311
_bLúcia
_c55
_dLúcia Elande
942 _2AGRIS
_n0
_cANA
999 _c119409
_d119409